[Event "LLWestMV2014-15"]
[Site "?"]
[Date "2014.09.21"]
[Round "1.2"]
[White "Kupfernagel, Michael"]
[Black "Skriwanek, Arne"]
[Result "1-0"]
[WhiteElo "1902"]
[BlackElo "1762"]
[PlyCount "97"]
[EventType "team-tourn"]
[EventRounds "9"]
[WhiteTeam "SF Schwerin IV"]
[BlackTeam "VfL Blau Weisz Neukloster"]

1. d4 Nf6 2. Nc3 d5 3. Bg5 Bf5 4. f3 c6 5. Qd2 h6 6. Bh4 Nbd7 7. g4 Bh7 8. Bg3
Qa5 9. e3 Nb6 10. Bd3 Bxd3 11. cxd3 e6 12. Nge2 Bb4 13. a3 Nbd7 14. Rc1 Be7 15.
O-O O-O 16. Rfd1 Nh7 17. e4 dxe4 18. dxe4 Qd8 19. d5 exd5 20. exd5 Qb6+ 21. Bf2
Bc5 22. Bxc5 Qxc5+ 23. Qd4 Qxd4+ 24. Rxd4 Ne5 25. Kg2 cxd5 26. Nxd5 Nc6 27. Rd2
Rfd8 28. Rcd1 Kf8 29. f4 Nf6 30. Nxf6 gxf6 31. Ng3 Rxd2+ 32. Rxd2 Kg7 33. Nh5+
Kf8 34. Nxf6 Rd8 35. Rxd8+ Nxd8 36. Kf3 Kg7 37. Nh5+ Kf8 38. Ke4 Nc6 39. Ng3
Kg7 40. Nf5+ Kg6 41. b4 a6 42. h3 Na7 43. Nd6 b6 44. h4 Nc6 45. h5+ Kf6 46. Nf5
Na7 47. Nd4 Nc8 48. Kd5 a5 49. b5 1-0

[Event "LLWestMV2014-15"]
[Site "?"]
[Date "2014.09.21"]
[Round "1.3"]
[White "Post, Ingo"]
[Black "Jung, Werner"]
[Result "1/2-1/2"]
[WhiteElo "1545"]
[BlackElo "1896"]
[PlyCount "43"]
[EventType "team-tourn"]
[EventRounds "9"]
[WhiteTeam "VfL Blau Weisz Neukloster"]
[BlackTeam "SF Schwerin IV"]

1. d4 f5 2. c4 Nf6 3. Nc3 g6 4. Nf3 Bg7 5. Bg5 d6 6. h3 h6 7. Bxf6 Bxf6 8. e3
c6 9. Bd3 e5 10. Bc2 e4 11. Nd2 Qc7 12. Ba4 O-O 13. Qe2 Bd7 14. O-O-O a6 15. g4
b5 16. Bb3 Be8 17. gxf5 gxf5 18. cxb5+ Bf7 19. Bxf7+ Qxf7 20. bxc6 Nxc6 21. Qc4
Rac8 22. Kb1 1/2-1/2

[Event "LLWestMV2014-15"]
[Site "?"]
[Date "2014.09.21"]
[Round "1.4"]
[White "Siegert, Gregor"]
[Black "Kohrt, Detlef"]
[Result "1-0"]
[WhiteElo "1849"]
[BlackElo "1459"]
[PlyCount "45"]
[EventType "team-tourn"]
[EventRounds "9"]
[WhiteTeam "SF Schwerin IV"]
[BlackTeam "VfL Blau Weisz Neukloster"]

1. Nf3 d5 2. g3 Nc6 3. Bg2 Nf6 4. d4 e6 5. O-O Be7 6. b3 O-O 7. Bb2 b6 8. Nbd2
Ba6 9. c4 dxc4 10. Nxc4 Bxc4 11. bxc4 Bb4 12. Ne5 Nxd4 13. Qxd4 Qxd4 14. Bxd4
Rac8 15. Nc6 a5 16. Nxb4 axb4 17. c5 Rfd8 18. Bxf6 gxf6 19. cxb6 c5 20. b7 Rc7
21. Rfd1 Re8 22. Rd6 f5 23. Rad1 1-0

[Event "LLWestMV2014-15"]
[Site "?"]
[Date "2014.09.21"]
[Round "1.5"]
[White "Remus, Uwe"]
[Black "Schiewer, Robert"]
[Result "0-1"]
[WhiteElo "1426"]
[BlackElo "1840"]
[PlyCount "80"]
[EventType "team-tourn"]
[EventRounds "9"]
[WhiteTeam "VfL Blau Weisz Neukloster"]
[BlackTeam "SF Schwerin IV"]

1. e4 c5 2. Nf3 Nc6 3. Bb5 Nf6 4. Bxc6 bxc6 5. d3 d6 6. h3 e5 7. Bg5 Be7 8.
Bxf6 Bxf6 9. c4 O-O 10. b3 g6 11. Nbd2 Bg7 12. Rb1 a5 13. O-O f5 14. Qe2 Qe7
15. a4 Be6 16. Kh1 Rab8 17. Qd1 Rb7 18. Qc2 g5 19. exf5 Bxf5 20. g4 Bg6 21. Kg2
Rf4 22. Rfe1 Qf6 23. Re3 Rf7 24. Qd1 Qe7 25. Qe2 h5 26. Kg3 Bh6 27. Rh1 Qe6 28.
Nh2 h4+ 29. Kg2 Rxf2+ 30. Qxf2 Rxf2+ 31. Kxf2 Bg7 32. Ke2 d5 33. Kd1 e4 34.
Rhe1 Qe5 35. Nhf1 Qa1+ 36. Ke2 exd3+ 37. Rxd3 Bxd3+ 38. Kxd3 Qxe1 39. cxd5 cxd5
40. Kc2 Bd4 0-1

[Event "LLWestMV2014-15"]
[Site "?"]
[Date "2014.09.21"]
[Round "1.6"]
[White "Krueger, Gerhard"]
[Black "Jeck, Horst"]
[Result "1-0"]
[WhiteElo "1814"]
[BlackElo "1403"]
[PlyCount "40"]
[EventType "team-tourn"]
[EventRounds "9"]
[WhiteTeam "SF Schwerin IV"]
[BlackTeam "VfL Blau Weisz Neukloster"]

1. e4 e5 2. Nf3 Nc6 3. d4 exd4 4. Bc4 d6 5. Nxd4 Nxd4 6. Qxd4 Qf6 7. Qd3 Ne7 8.
Nc3 a6 9. O-O Be6 10. Nd5 Nxd5 11. exd5 Bd7 12. Re1+ Be7 13. Qe3 Bf5 14. Bd2
Kd7 15. Bb3 Rhe8 16. c4 Bf8 17. Qg3 Rxe1+ 18. Rxe1 Re8 19. Ba4+ c6 20. dxc6+
bxc6 1-0

[Event "LLWestMV2014-15"]
[Site "?"]
[Date "2014.09.21"]
[Round "1.7"]
[White "Hoene, Lucas"]
[Black "Pamperin, Gerhard"]
[Result "0-1"]
[WhiteElo "1166"]
[BlackElo "1791"]
[PlyCount "102"]
[EventType "team-tourn"]
[EventRounds "9"]
[WhiteTeam "VfL Blau Weisz Neukloster"]
[BlackTeam "SF Schwerin IV"]

1. d4 d5 2. e3 Bf5 3. Bd3 Bxd3 4. Qxd3 c6 5. Ne2 Nf6 6. Nbc3 e6 7. O-O Nbd7 8.
e4 dxe4 9. Nxe4 Nxe4 10. Qxe4 Nf6 11. Qd3 Bd6 12. Bf4 O-O 13. Bxd6 Qxd6 14. g3
Rfd8 15. c3 a5 16. Rfd1 a4 17. a3 b5 18. Rac1 Rdb8 19. Rd2 h6 20. Kg2 Kf8 21.
Rcc2 g5 22. Qf3 Kg7 23. Qd3 Ra7 24. Kg1 Rd7 25. Rd1 e5 26. Rcd2 e4 27. Qe3 Qd5
28. h3 Re8 29. Kg2 Qe6 30. Kh2 Nd5 31. Nf4 gxf4 32. Qe1 fxg3+ 33. fxg3 f5 34.
Rf2 Rf7 35. Qf1 Ne3 36. Qe2 Nxd1 37. Qxd1 Rf6 38. Rg2 Rg6 39. Qf1 Rf8 40. Qe2
Kh7 41. Qe3 Qd6 42. Rf2 Rfg8 43. Rg2 h5 44. h4 Rg4 45. Kh3 R8g6 46. Rg1 Qe6 47.
Kh2 f4 48. Qf2 fxg3+ 49. Rxg3 Rxg3 50. Qxg3 Rxg3 51. Kxg3 Qg4+ 0-1

[Event "LLWestMV2014-15"]
[Site "?"]
[Date "2014.09.21"]
[Round "1.8"]
[White "Schmidt, Wolfgang"]
[Black "Andersen, Henrik"]
[Result "1-0"]
[WhiteElo "1631"]
[BlackElo "1056"]
[PlyCount "53"]
[EventType "team-tourn"]
[EventRounds "9"]
[WhiteTeam "SF Schwerin IV"]
[BlackTeam "VfL Blau Weisz Neukloster"]

1. c4 Nf6 2. d4 g6 3. Nc3 d5 4. e3 Bg7 5. Nf3 O-O 6. b4 c6 7. c5 Bf5 8. Be2
Nbd7 9. O-O Re8 10. Nh4 Be6 11. Qc2 Qc7 12. h3 Nf8 13. a4 Bd7 14. Nf3 h6 15. b5
Reb8 16. Ba3 e6 17. Ne5 Be8 18. f4 N6d7 19. Bd3 Nxe5 20. fxe5 Qd8 21. Rf3 b6
22. Raf1 Qc7 23. Qf2 Rb7 24. bxc6 Qxc6 25. Bb5 Qc7 26. Bxe8 Rxe8 27. Nb5 1-0

[Event "LLWestMV2014-15"]
[Site "?"]
[Date "2014.11.09"]
[Round "2.2"]
[White "Arning, Norbert"]
[Black "Wiemer, Juergen"]
[Result "1-0"]
[WhiteElo "1939"]
[BlackElo "1916"]
[PlyCount "65"]
[EventType "team-tourn"]
[EventRounds "9"]
[WhiteTeam "SV Malchower Schachinsel"]
[BlackTeam "Volley-Tigers Ludwigslust 2000"]

1. e4 e5 2. Nf3 Nc6 3. d4 exd4 4. Bc4 Qf6 5. O-O d6 6. Bg5 Qg6 7. Qd2 Bg4 8.
Nh4 Qh5 9. f3 f6 10. fxg4 Qxg5 11. Nf3 Qc5 12. Bd3 Nge7 13. Kh1 Ng6 14. c3 dxc3
15. Nxc3 Nge5 16. Nd5 Rc8 17. Rac1 Nxf3 18. gxf3 Qd4 19. e5 Kd8 20. Nf4 Qb4 21.
Qxb4 Nxb4 22. Bf5 g6 23. Bxc8 Kxc8 24. Ne6 Nc6 25. exf6 Kd7 26. Rfe1 Bh6 27. g5
Re8 28. Nxc7 Rxe1+ 29. Rxe1 Bxg5 30. f7 Bh6 31. Nd5 Nd8 32. Re7+ Kc6 33. Nf6 {
ZÜ} 1-0

[Event "LLWestMV2014-15"]
[Site "?"]
[Date "2014.11.09"]
[Round "2.3"]
[White "Illgen, Alexander"]
[Black "Schmidt, Joerg"]
[Result "0-1"]
[WhiteElo "1898"]
[BlackElo "1917"]
[PlyCount "78"]
[EventType "team-tourn"]
[EventRounds "9"]
[WhiteTeam "Volley-Tigers Ludwigslust 2000"]
[BlackTeam "SV Malchower Schachinsel"]

1. d4 d5 2. c4 c6 3. Nc3 Nf6 4. Nf3 e6 5. Bg5 dxc4 6. e4 b5 7. e5 h6 8. Bh4 g5
9. exf6 gxh4 10. Nxh4 Qxf6 11. g3 Bb7 12. Bg2 Bb4 13. O-O Bxc3 14. bxc3 Nd7 15.
a4 a6 16. axb5 axb5 17. Rxa8+ Bxa8 18. Qa1 Nb6 19. Qa6 Qd8 20. Nf3 O-O 21. Ne5
Qc7 22. f4 Bb7 23. Qa3 Nd5 24. Qc5 Rd8 25. Qa3 Ne3 26. Rb1 Nxg2 27. Kxg2 c5+
28. Kf2 b4 29. Qb2 Be4 30. Rd1 b3 31. Ng4 Bc2 32. Re1 cxd4 33. Nxh6+ Kh7 34.
Nxf7 Qxf7 35. cxd4 Qf6 36. Re5 Rb8 37. Ke3 Qg6 38. Kf3 Bd1+ 39. Kf2 Qc2+ 0-1

[Event "LLWestMV2014-15"]
[Site "?"]
[Date "2014.11.09"]
[Round "2.4"]
[White "Kuehn, Peter"]
[Black "Krueger, Horst"]
[Result "1-0"]
[WhiteElo "1835"]
[BlackElo "1897"]
[PlyCount "107"]
[EventType "team-tourn"]
[EventRounds "9"]
[WhiteTeam "SV Malchower Schachinsel"]
[BlackTeam "Volley-Tigers Ludwigslust 2000"]

1. e4 c5 2. Nf3 Nc6 3. d4 cxd4 4. Nxd4 g6 5. Nc3 Bg7 6. Be3 Nf6 7. Bc4 Nxe4 8.
Bxf7+ Kxf7 9. Nxe4 Rf8 10. O-O Kg8 11. c3 d5 12. Ng3 e5 13. Nxc6 bxc6 14. Bc5
Rf7 15. Qa4 Qc7 16. Ne2 a5 17. f3 Rb8 18. Qa3 Bf5 19. Ng3 Rd7 20. Rad1 Qb7 21.
Rf2 Qb5 22. b3 Bf8 23. Bxf8 Rxf8 24. c4 Qb4 25. Qxb4 axb4 26. cxd5 cxd5 27.
Rfd2 Rfd8 28. Nf1 Be6 29. Re1 d4 30. Rxe5 Kf7 31. Rb5 Rc8 32. Rxb4 d3 33. Ne3
Bf5 34. Nc4 Kf6 35. Kf2 h5 36. Nb6 Rb7 37. Nd5+ Ke5 38. Rxb7 Kxd5 39. Rb4 g5
40. Rb5+ Kd4 41. Rxf5 Rc2 42. Ke1 Rc1+ 43. Rd1 Rc2 44. Rxg5 Rxa2 45. b4 h4 46.
Rg4+ Kc3 47. f4 Re2+ 48. Kf1 Re4 49. Rxh4 Kc2 50. Rxd3 Kxd3 51. b5 Ke3 52. Rh3+
Kd2 53. Rf3 Rb4 54. f5 1-0

[Event "LLWestMV2014-15"]
[Site "?"]
[Date "2014.11.09"]
[Round "2.5"]
[White "Hilpert, Andreas"]
[Black "Hertel-Mach, Frank"]
[Result "1-0"]
[WhiteElo "1835"]
[BlackElo "1806"]
[PlyCount "48"]
[EventType "team-tourn"]
[EventRounds "9"]
[WhiteTeam "Volley-Tigers Ludwigslust 2000"]
[BlackTeam "SV Malchower Schachinsel"]

1. e4 Nf6 2. Nc3 Nc6 3. d4 d6 4. d5 Ne5 5. f4 Ng6 6. Nf3 e6 7. dxe6 fxe6 8. Bc4
c6 9. Qe2 b5 10. Bb3 b4 11. Nd1 d5 12. Nf2 Bc5 13. exd5 Bxf2+ 14. Qxf2 exd5 15.
O-O O-O 16. Qc5 Bd7 17. Ne5 Nxe5 18. fxe5 Ng4 19. Bf4 Rf5 20. Bg3 Qb6 21. Qxb6
axb6 22. Rxf5 Bxf5 23. Bf4 Re8 24. Re1 Be4 1-0

[Event "LLWestMV2014-15"]
[Site "?"]
[Date "2014.11.09"]
[Round "2.6"]
[White "Fechner, Henrik"]
[Black "Tuchtenhagen, Harald"]
[Result "1/2-1/2"]
[WhiteElo "1775"]
[BlackElo "1797"]
[PlyCount "53"]
[EventType "team-tourn"]
[EventRounds "9"]
[WhiteTeam "SV Malchower Schachinsel"]
[BlackTeam "Volley-Tigers Ludwigslust 2000"]

1. d4 Nf6 2. c4 e5 3. dxe5 Ng4 4. Nf3 Bc5 5. e3 Nc6 6. Nc3 Ngxe5 7. Be2 Nxf3+
8. Bxf3 Ne5 9. Qe2 d6 10. O-O c6 11. Na4 Be6 12. b3 Bb4 13. Bb2 Qg5 14. Nc3
Bxc3 15. Bxc3 O-O-O 16. Bxe5 dxe5 17. Rfd1 f5 18. g3 Qf6 19. Rxd8+ Rxd8 20. Rd1
e4 21. Bg2 g6 22. Rxd8+ Qxd8 23. Bf1 Kc7 24. Qb2 Qd6 25. Qg7+ Qd7 26. Qe5+ Qd6
27. Qg7+ 1/2-1/2

[Event "LLWestMV2014-15"]
[Site "?"]
[Date "2014.11.09"]
[Round "2.7"]
[White "Mitscherling, Reinhard"]
[Black "Wendt, Uwe"]
[Result "1-0"]
[WhiteElo "1791"]
[BlackElo "1642"]
[PlyCount "67"]
[EventType "team-tourn"]
[EventRounds "9"]
[WhiteTeam "Volley-Tigers Ludwigslust 2000"]
[BlackTeam "SV Malchower Schachinsel"]

1. c4 e5 2. Nc3 Nf6 3. g3 c6 4. Bg2 Be7 5. d4 d6 6. dxe5 dxe5 7. Qxd8+ Bxd8 8.
Nf3 Bc7 9. O-O Be6 10. b3 h6 11. Ba3 Nbd7 12. Rad1 g5 13. Nd2 Bb6 14. Nce4 Nxe4
15. Nxe4 Bc7 16. Nd6+ Bxd6 17. Bxd6 Rg8 18. a4 f6 19. e3 Rg7 20. f4 O-O-O 21.
a5 a6 22. fxe5 fxe5 23. Rc1 c5 24. b4 cxb4 25. Bxb4 Rf7 26. Rxf7 Bxf7 27. Bd6
Re8 28. c5 Nb8 29. Bxb8 Kxb8 30. Rb1 e4 31. c6 Bd5 32. Rxb7+ Ka8 33. Rb6 Ka7
34. Bf1 1-0

[Event "LLWestMV2014-15"]
[Site "?"]
[Date "2014.11.09"]
[Round "2.8"]
[White "Wahrmann, Eric"]
[Black "Altenburg, Reiner"]
[Result "1-0"]
[WhiteElo "1481"]
[BlackElo "1642"]
[PlyCount "69"]
[EventType "team-tourn"]
[EventRounds "9"]
[WhiteTeam "SV Malchower Schachinsel"]
[BlackTeam "Volley-Tigers Ludwigslust 2000"]

1. d4 Nf6 2. c4 c5 3. Nf3 e6 4. Bg5 cxd4 5. Nxd4 Bb4+ 6. Bd2 Bxd2+ 7. Nxd2 Nc6
8. e3 Qb6 9. Nb5 O-O 10. Qc2 d5 11. c5 Qa5 12. f3 a6 13. Nd6 d4 14. e4 e5 15.
Bc4 Nd8 16. a3 b5 17. b4 Qc7 18. Bd5 Bb7 19. Qb3 Bxd5 20. exd5 Ne8 21. N2e4 Kh8
22. O-O f5 23. Nxe8 Rxe8 24. Nd6 Rf8 25. Rae1 Nf7 26. Nxf7+ Qxf7 27. Rxe5 Rfe8
28. Rfe1 Rxe5 29. Rxe5 Re8 30. f4 Rxe5 31. fxe5 Qe7 32. e6 Qh4 33. Qg3 Qxg3 34.
hxg3 Kg8 35. e7 1-0

[Event "LLWestMV2014-15"]
[Site "?"]
[Date "2014.11.09"]
[Round "2.1"]
[White "Schreiber, Felix"]
[Black "Martens, Rolf-Dieter"]
[Result "1/2-1/2"]
[WhiteElo "1809"]
[BlackElo "1871"]
[PlyCount "25"]
[EventType "team-tourn"]
[EventRounds "9"]
[WhiteTeam "SC Mecklenburger Springer"]
[BlackTeam "SV Einheit Schwerin"]

1. d4 d5 2. Nf3 e6 3. e3 Nf6 4. Bd3 Bd6 5. O-O O-O 6. Ne5 c5 7. b3 Nbd7 8. f4
Ne4 9. Bb2 f6 10. Nxd7 Bxd7 11. Nd2 f5 12. Nf3 Rb8 13. a4 1/2-1/2

[Event "LLWestMV2014-15"]
[Site "?"]
[Date "2014.11.09"]
[Round "2.3"]
[White "Konrad, Andreas"]
[Black "Fleischer, Matthias"]
[Result "1-0"]
[WhiteElo "1734"]
[BlackElo "1719"]
[PlyCount "59"]
[EventType "team-tourn"]
[EventRounds "9"]
[WhiteTeam "SC Mecklenburger Springer"]
[BlackTeam "SV Einheit Schwerin"]

1. e4 d5 2. exd5 Nf6 3. d4 Nxd5 4. c4 Nb4 5. a3 N4c6 6. Be3 e6 7. Nc3 Ne7 8.
Nf3 Nf5 9. Bd3 Nxe3 10. fxe3 c5 11. O-O Be7 12. Ne5 Bf6 13. Qa4+ Nd7 14. Ng4
Bg5 15. Ne4 O-O 16. Rf3 cxd4 17. exd4 Nb6 18. Qc2 Qxd4+ 19. Kh1 Be7 20. Nef6+
gxf6 21. Bxh7+ Kg7 22. Rg3 f5 23. Ne5+ Kxh7 24. Qe2 Qf4 25. Rh3+ Bh4 26. Rf1
Qg5 27. Nf3 Qg6 28. Nxh4 Rh8 29. Nxg6+ Kg8 30. Ne7+ 1-0

[Event "LLWestMV2014-15"]
[Site "?"]
[Date "2014.11.09"]
[Round "2.4"]
[White "Krieg, Peter"]
[Black "Knoop, Sascha"]
[Result "1/2-1/2"]
[WhiteElo "1713"]
[BlackElo "1729"]
[PlyCount "71"]
[EventType "team-tourn"]
[EventRounds "9"]
[WhiteTeam "SV Einheit Schwerin"]
[BlackTeam "SC Mecklenburger Springer"]

1. e4 d5 2. Nc3 dxe4 3. Nxe4 Bf5 4. Ng3 Bg6 5. Nf3 e6 6. Bb5+ c6 7. Ba4 Nd7 8.
d4 Ngf6 9. Bb3 Be7 10. c3 O-O 11. Be3 a5 12. Nh4 b5 13. Nxg6 hxg6 14. h4 Bd6
15. Qf3 Bxg3 16. fxg3 Nd5 17. Bg5 N7f6 18. h5 Qd6 19. h6 Nh5 20. hxg7 Rfe8 21.
O-O Ra7 22. Bxd5 exd5 23. g4 Nxg7 24. Bf6 Re6 25. Rae1 Ne8 26. Be5 Qe7 27. Bg3
Nd6 28. Rxe6 Qxe6 29. Be5 Ne4 30. Qh3 f6 31. Qh6 Rg7 32. Bh2 Qxg4 33. Qe3 Rh7
34. Rf3 Qh5 35. Qf4 Rb7 36. g4 1/2-1/2

[Event "LLWestMV2014-15"]
[Site "?"]
[Date "2014.11.09"]
[Round "2.5"]
[White "Schreiber, Nico"]
[Black "Fleischer, Martin"]
[Result "1-0"]
[WhiteElo "1706"]
[BlackElo "1655"]
[PlyCount "95"]
[EventType "team-tourn"]
[EventRounds "9"]
[WhiteTeam "SC Mecklenburger Springer"]
[BlackTeam "SV Einheit Schwerin"]

1. d4 d5 2. Nf3 Nf6 3. Bf4 e6 4. e3 Bd6 5. Ne5 Nbd7 6. Nd2 Bxe5 7. dxe5 Ne4 8.
Nxe4 dxe4 9. Qd4 h5 10. h4 c5 11. Qxe4 Qb6 12. O-O-O a6 13. Qa4 Qc7 14. Rd6 Rb8
15. Qb3 b5 16. c4 bxc4 17. Qc2 Qb7 18. Bxc4 Nb6 19. Bd3 Bd7 20. Rd1 Bc6 21. Bg5
Nd7 22. b3 O-O 23. f4 Rfc8 24. Qe2 g6 25. Bxa6 Qb4 26. Bxc8 Qc3+ 27. Qc2 Qxe3+
28. Kb2 Rxc8 29. Rxc6 Rxc6 30. Rxd7 c4 31. Bf6 c3+ 32. Kb1 Rc8 33. a4 Qxf4 34.
Rd3 Qb4 35. Rd8+ Rxd8 36. Bxd8 Kf8 37. Bf6 Ke8 38. Ka2 Qd4 39. Kb1 Kd7 40. Qe2
Qg1+ 41. Kc2 Kc6 42. Qe4+ Kc7 43. Kxc3 Qc1+ 44. Kb4 Qd2+ 45. Kb5 Qd7+ 46. Kc5
Qd1 47. Qc6+ Kb8 48. Qd6+ 1-0

[Event "LLWestMV2014-15"]
[Site "?"]
[Date "2014.11.09"]
[Round "2.6"]
[White "Moews, Harald"]
[Black "Goldbach, Aaron"]
[Result "1-0"]
[WhiteElo "1550"]
[BlackElo "1696"]
[PlyCount "87"]
[EventType "team-tourn"]
[EventRounds "9"]
[WhiteTeam "SV Einheit Schwerin"]
[BlackTeam "SC Mecklenburger Springer"]

1. e4 c5 2. c4 e6 3. Nc3 Nc6 4. f4 a6 5. Nf3 d6 6. Be2 Be7 7. d3 Qc7 8. O-O Nf6
9. h3 Bd7 10. Be3 O-O-O 11. a3 e5 12. Rb1 a5 13. Qe1 Nd4 14. fxe5 dxe5 15. Nd5
Nxd5 16. Bxd4 exd4 17. cxd5 Kb8 18. e5 Qb6 19. d6 Bxd6 20. exd6 Rhe8 21. Nd2
Be6 22. Qg3 Ka7 23. b4 Rxd6 24. Ne4 Rdd8 25. bxc5 Qc6 26. Bf3 Bd5 27. Nd6 Re7
28. Bxd5 Qxd5 29. Qf3 Qxf3 30. Rxf3 f6 31. Rf4 Rc7 32. Rxd4 Kb8 33. Rc4 g6 34.
Nb5 Re7 35. d4 Rd5 36. Nc3 Rd8 37. d5 Rc7 38. c6 Ka8 39. Rb5 bxc6 40. dxc6 Ka7
41. Nd5 Rg7 42. Rxa5+ Kb8 43. Rb4+ Kc8 44. Ra8# 1-0

[Event "LLWestMV2014-15"]
[Site "?"]
[Date "2014.11.09"]
[Round "2.7"]
[White "Hopp, Peter"]
[Black "Merz, Norbert"]
[Result "1-0"]
[WhiteElo "1629"]
[BlackElo "1747"]
[PlyCount "115"]
[EventType "team-tourn"]
[EventRounds "9"]
[WhiteTeam "SC Mecklenburger Springer"]
[BlackTeam "SV Einheit Schwerin"]

1. e4 e6 2. d4 d5 3. exd5 exd5 4. Bd3 Bd6 5. Ne2 Bg4 6. Nbc3 c6 7. f3 Be6 8.
Bf4 Ne7 9. Qd2 Bb4 10. a3 Ba5 11. O-O Ng6 12. Bg3 Qf6 13. Rad1 Nd7 14. Nxd5 Qd8
15. Ndc3 Nf6 16. Rfe1 O-O 17. Bxg6 hxg6 18. b4 Bc7 19. Bxc7 Qxc7 20. Qf4 Qd8
21. Ng3 a5 22. Nge4 axb4 23. axb4 Bf5 24. Nxf6+ gxf6 25. Ne4 Kg7 26. c3 Ra3 27.
Qd2 Qc7 28. Ng3 Be6 29. Qb2 Ra2 30. Qc1 Re8 31. Qe3 Rh8 32. Ra1 Rha8 33. Rxa2
Rxa2 34. Ne4 Bh3 35. Nf2 Be6 36. Ng4 g5 37. Nf2 Ra8 38. Ne4 Rh8 39. Ng3 b5 40.
Rf1 Rh4 41. Rf2 Kg6 42. Nf1 Bc4 43. g3 Rh5 44. f4 Qd7 45. fxg5 fxg5 46. Qe5 f5
47. Ne3 f4 48. gxf4 Bd3 49. Rg2 Qh3 50. Rxg5+ Rxg5+ 51. Qxg5+ Kf7 52. Qg3 Qe6
53. f5 Qe4 54. Qe5 Qh4 55. Ng2 Qg4 56. f6 Qd1+ 57. Qe1 Qf3 58. Qe7+ 1-0

[Event "LLWestMV2014-15"]
[Site "?"]
[Date "2014.11.09"]
[Round "2.8"]
[White "Suhr, Reinhard"]
[Black "Kumbernuss, Torsten"]
[Result "0-1"]
[WhiteElo "1517"]
[BlackElo "1575"]
[PlyCount "84"]
[EventType "team-tourn"]
[EventRounds "9"]
[WhiteTeam "SV Einheit Schwerin"]
[BlackTeam "SC Mecklenburger Springer"]

1. e4 e5 2. f4 exf4 3. Nf3 d6 4. Bc4 g5 5. h4 g4 6. Nd4 Bg7 7. Nb3 Bf6 8. O-O
Bxh4 9. Rxf4 Nh6 10. d4 Bg5 11. Rf1 Nd7 12. Bf4 Nb6 13. Bd3 Bxf4 14. Rxf4 Qg5
15. Qd2 Be6 16. Nc3 O-O-O 17. d5 Bd7 18. a4 Rdf8 19. a5 Na8 20. a6 b6 21. Be2
f6 22. g3 Nf7 23. Nb5 Bxb5 24. Bxb5 Ne5 25. Qc3 h5 26. Rf5 Qh6 27. Nd4 h4 28.
Nc6 hxg3 29. Nxa7+ Kd8 30. Qxg3 Qh1+ 31. Kf2 Qxa1 32. Nc6+ Nxc6 33. Bxc6 Qxb2
34. Qxg4 Qxc2+ 35. Ke3 Qc1+ 36. Ke2 Rh2+ 37. Rf2 Qc2+ 38. Ke3 Qxf2+ 39. Kd3
Qd2+ 40. Kc4 Qc1+ 41. Kb3 Rb2+ 42. Ka4 Qa1# 0-1

[Event "LLWestMV2014-15"]
[Site "?"]
[Date "2014.11.09"]
[Round "2.1"]
[White "Stadler, Bertino"]
[Black "Mueller, Axel"]
[Result "0-1"]
[WhiteElo "1675"]
[BlackElo "1923"]
[PlyCount "118"]
[EventType "team-tourn"]
[EventRounds "9"]
[WhiteTeam "SV Empor Kuehlungsborn"]
[BlackTeam "Putlitzer SV"]

1. e4 d6 2. d4 Nf6 3. Bd3 e5 4. c3 a6 5. Ne2 Nc6 6. d5 Ne7 7. O-O c6 8. c4 Ng6
9. Qb3 Be7 10. Be3 c5 11. f3 O-O 12. Nbc3 Rb8 13. Qc2 Bd7 14. a4 b6 15. Qd2 Ne8
16. f4 exf4 17. Nxf4 Ne5 18. Be2 f5 19. Ne6 Bxe6 20. dxe6 fxe4 21. Rxf8+ Kxf8
22. Nxe4 Kg8 23. Rf1 Nc7 24. Ng5 Bf6 25. Rd1 Qe7 26. Ne4 Rd8 27. b3 Qxe6 28.
Nxf6+ gxf6 29. a5 b5 30. Bxc5 bxc4 31. Bb6 Rd7 32. Rc1 d5 33. Qe3 Re7 34. Qc5
Nd7 35. Qxc7 Nxb6 36. Qxb6 Qxe2 37. bxc4 dxc4 38. h3 Kg7 39. Qd4 Re4 40. Qa7+
Kg6 41. Kh2 Qd2 42. Rf1 Qd6+ 43. Kh1 c3 44. Qa8 Qe6 45. Qb8 Re5 46. Qb1+ f5 47.
Qd3 Re3 48. Qc2 Re1 49. Qd3 Rxf1+ 50. Qxf1 c2 51. h4 h6 52. Kh2 Qd6+ 53. Kh3
Qa3+ 54. g3 c1=Q 55. Qxa6+ Kh5 56. Qe2+ Kg6 57. Qe6+ Kg7 58. Qe5+ Kf7 59. Qxf5+
Ke7 0-1

[Event "LLWestMV2014-15"]
[Site "?"]
[Date "2014.11.09"]
[Round "2.2"]
[White "Blume, Christian"]
[Black "Kornblum, Harry"]
[Result "0-1"]
[WhiteElo "1808"]
[BlackElo "1870"]
[PlyCount "131"]
[EventType "team-tourn"]
[EventRounds "9"]
[WhiteTeam "Putlitzer SV"]
[BlackTeam "SV Empor Kuehlungsborn"]

1. c4 Nf6 2. Nc3 d6 3. g3 g6 4. Bg2 Bg7 5. d3 O-O 6. e4 Nc6 7. Nge2 Rb8 8. O-O
a6 9. a4 e6 10. Rb1 Nb4 11. d4 c5 12. dxc5 dxc5 13. Bf4 Ra8 14. Bd6 Re8 15.
Bxc5 Nd3 16. Bd4 Nb4 17. e5 Ng4 18. f4 Qc7 19. b3 Rd8 20. Qc1 Nc6 21. Bf2 Nb4
22. Ne4 Bf8 23. Bf3 Nd3 24. Qc2 Ngxf2 25. Nxf2 Bc5 26. Kg2 Nxf2 27. Rxf2 Bxf2
28. Kxf2 Bd7 29. Nc3 Bc6 30. Bxc6 Qxc6 31. Ne4 b5 32. axb5 axb5 33. Nd6 bxc4
34. bxc4 Rd7 35. Qb3 Rda7 36. Rb2 Qc5+ 37. Qe3 Qc6 38. Qf3 Qa4 39. Kg2 Qa1 40.
Rf2 h5 41. Ne4 Ra2 42. c5 Qd4 43. c6 Rxf2+ 44. Nxf2 Ra2 45. h3 Qc5 46. Kf1 Rc2
47. Kg2 Qb6 48. g4 hxg4 49. hxg4 Rxc6 50. Ne4 Rc1 51. Nf6+ Kg7 52. Ne8+ Kf8 53.
Qa3+ Qc5 54. Qxc5+ Rxc5 55. Nf6 Ke7 56. Ng8+ Kf8 57. Nf6 Rc3 58. Nd7+ Kg7 59.
Nf6 Rd3 60. Kf2 Rb3 61. Kg2 g5 62. fxg5 Kg6 63. Ne4 Re3 64. Nd6 Rxe5 65. Kf3
Rxg5 66. Kf4 0-1

[Event "LLWestMV2014-15"]
[Site "?"]
[Date "2014.11.09"]
[Round "2.3"]
[White "Busz, Stephan"]
[Black "Vieten, Florian"]
[Result "1-0"]
[WhiteElo "1887"]
[BlackElo "1675"]
[PlyCount "75"]
[EventType "team-tourn"]
[EventRounds "9"]
[WhiteTeam "SV Empor Kuehlungsborn"]
[BlackTeam "Putlitzer SV"]

1. d4 d5 2. Bf4 Bf5 3. c4 e6 4. Nc3 Bd6 5. Bxd6 Qxd6 6. Qb3 dxc4 7. Qxb7 Qc6 8.
Qxc6+ Nxc6 9. e4 Bg6 10. O-O-O Nf6 11. Bxc4 Nxe4 12. Bb5 Nxc3 13. Bxc6+ Ke7 14.
bxc3 Rab8 15. Nf3 Rb1+ 16. Kd2 Rb2+ 17. Ke3 f5 18. Rd2 f4+ 19. Ke2 Rhb8 20.
Rhd1 Bc2 21. Rc1 Bf5 22. Ba4 c5 23. Bb3 Rxd2+ 24. Nxd2 Rd8 25. Bc2 Bxc2 26.
Rxc2 cxd4 27. cxd4 Rxd4 28. Rc7+ Rd7 29. Rxd7+ Kxd7 30. Kd3 Kd6 31. Ke4 g5 32.
Nf3 h6 33. h4 gxh4 34. Kxf4 Kc5 35. Ke5 Kb4 36. Nd4 a5 37. Nc6+ Kb5 38. Nxa5
1-0

[Event "LLWestMV2014-15"]
[Site "?"]
[Date "2014.11.09"]
[Round "2.4"]
[White "Oelke, Bernd"]
[Black "Gipp, Thomas"]
[Result "0-1"]
[WhiteElo "1774"]
[BlackElo "1859"]
[PlyCount "114"]
[EventType "team-tourn"]
[EventRounds "9"]
[WhiteTeam "Putlitzer SV"]
[BlackTeam "SV Empor Kuehlungsborn"]

1. d4 Nf6 2. Nf3 g6 3. c4 Bg7 4. Nc3 O-O 5. e4 d6 6. Be2 Nc6 7. O-O e5 8. dxe5
Nxe5 9. Nxe5 dxe5 10. Qxd8 Rxd8 11. Bg5 c6 12. Rad1 Be6 13. b3 h6 14. Bxf6 Bxf6
15. Rxd8+ Rxd8 16. Rd1 Rxd1+ 17. Nxd1 Be7 18. Bd3 Kf8 19. Kf1 Bb4 20. Ke2 Ke7
21. Ne3 Bc3 22. Nc2 f5 23. f3 a5 24. Ne3 f4 25. Nf1 Kd6 26. Bc2 Kc5 27. Kd3 Bb2
28. Nd2 Kb4 29. a4 g5 30. Bd1 h5 31. h3 Bd7 32. Kc2 Bc3 33. Nb1 Bd4 34. Be2 Be6
35. Nd2 Be3 36. Nf1 Bf2 37. Nd2 Be1 38. Nb1 Bd7 39. Kb2 Bf2 40. Kc2 Bd4 41. Nd2
b6 42. Bd3 Bf2 43. Be2 Be1 44. Nb1 Kc5 45. Kd3 Bb4 46. Nc3 Ba3 47. Bf1 Bb2 48.
Kc2 Ba1 49. Be2 Kd4 50. Nd1 Be6 51. Bf1 Kc5 52. Nc3 Kb4 53. Nb1 b5 54. Nd2 bxa4
55. bxa4 Bd4 56. Bd3 Kxa4 57. Kb1 Kb4 0-1